| Tag |
First Indicator |
Second Indicator |
Subfields |
| LEADER |
00000nam a2200000Ia 4500 |
| 001 |
in00004266521 |
| 005 |
20200810073506.0 |
| 006 |
m g d |
| 007 |
cr bn |||a|bb| |
| 008 |
850715s1685 enk o 00| | eng d |
| 035 |
|
|
|a (OCoLC)12265194
|
| 040 |
|
|
|a EAA
|c EAA
|d m/c
|d WaOLN
|
| 037 |
|
|
|a CL0037000005
|b ProQuest Information and Learning. 300 N. Zeeb Rd., Ann Arbor, MI 48106
|
| 041 |
1 |
|
|a eng
|h latgrc
|
| 049 |
|
|
|a UMIA
|
| 100 |
1 |
|
|a Dryden, John,
|d 1631-1700.
|
| 245 |
1 |
0 |
|a Sylvæ, or, The second part of Poetical miscellanies
|
| 260 |
|
|
|a London :
|b Printed for Jacob Tonson ...,
|c 1685.
|
| 300 |
|
|
|a 1 online resource ([40], 168, 353-494, [2] pages)
|
| 336 |
|
|
|a text
|b txt
|2 rdacontent
|
| 337 |
|
|
|a computer
|b c
|2 rdamedia
|
| 338 |
|
|
|a online resource
|b cr
|2 rdacarrier
|
| 500 |
|
|
|a Second in a series of miscellanies published by Tonson, 1684-1709, containing many contributions by Dryden, Addison, Pope and Prior. The first appeared as "Miscellany poems" the 5 later volumes under various titles. The present volume contains translations from Virgil. Lucretius, Theocritus and Horace, mainly by Dryden, and a long preface by him.
|
| 500 |
|
|
|a Errata on pages [2] at end.
|
| 500 |
|
|
|a Reproduction of original in Harvard University Libraries.
|
| 510 |
4 |
|
|a Wing
|c D2379
|
| 533 |
|
|
|a Electronic reproduction.
|b Ann Arbor, Mich. :
|c UMI,
|d 1999-
|f (Early English books online)
|n Digital version of: (Early English books, 1641-1700 ; 181:24)
|7 s1999 miun s
|
| 650 |
|
0 |
|a Classical poetry
|v Translations into English.
|
| 650 |
|
0 |
|a English poetry
|v Translations from Greek.
|
| 650 |
|
0 |
|a English poetry
|v Translations from Latin.
|
| 650 |
|
0 |
|a English poetry
|y 17th century.
|
| 740 |
0 |
|
|a Miscellany poems.
|
| 740 |
0 |
|
|a Sylvae.
|
| 740 |
0 |
|
|a Second part of Poetical miscellanies.
|
| 740 |
0 |
|
|a Poetical miscellanies.
|
| 830 |
|
0 |
|a Early English books online.
|
| 856 |
4 |
0 |
|u http://proxy.library.tamu.edu/login?url=https://search.proquest.com/docview/2248553413
|z Connect to the full text of this electronic book
|t 0
|
| 999 |
f |
f |
|s debfc7bf-fdf2-34da-aa38-a65e9943aafc
|i cc6b9ff7-73c4-30de-96c2-12284cc6905e
|t 0
|
| 952 |
f |
f |
|a Texas A&M University
|b College Station
|c Electronic Resources
|d Available Online
|t 0
|h No information provided
|
| 998 |
f |
f |
|t 0
|l Available Online
|